[Event "XIV MIEDZYNARODOWY FESTIWAL SZACHOWY PER"]
[Site "LAZY"]
[Date "2018.06.26"]
[Round "3.4"]
[White "Luba, Lukasz"]
[Black "Cieslak, Wiktoria"]
[Result "1/2-1/2"]
[WhiteElo "2094"]
[BlackElo "1931"]
[PlyCount "120"]
[EventDate "2018.??.??"]

1. d4 Nf6 2. c4 e6 3. Nc3 Bb4 4. Bd2 b6 5. Nh3 Bb7 6. f3 c5 7. a3 Bxc3 8. Bxc3
O-O 9. dxc5 bxc5 10. Qd6 Qb6 11. Qg3 Ne8 12. e3 f5 13. Rd1 d6 14. Bd3 Nd7 15.
Ng5 d5 16. Bc2 h6 17. Nh3 Rd8 18. Nf4 Ndf6 19. Ng6 Rf7 20. Ne5 Re7 21. O-O a5
22. Qe1 Ra8 23. Rf2 Nd6 24. Rfd2 Nd7 25. Qh4 Qd8 26. Ng6 Rf7 27. Qxd8+ Rxd8 28.
cxd5 exd5 29. Bb3 c4 30. Bc2 Re8 31. Kf2 Ra8 32. Nf4 Nb6 33. Bd4 Ndc8 34. h4
Nd7 35. h5 Ncb6 36. Rg1 a4 37. g4 fxg4 38. Rxg4 Bc8 39. Rg6 Rb8 40. Rd1 Nf6 41.
Rdg1 Nbd7 42. Ne6 Nxh5 43. Nxg7 Nxg7 44. Bxg7 Rxg7 45. Rxg7+ Kf8 46. Rg8+ Ke7
47. R1g7+ Kd6 48. Bxa4 Rxb2+ 49. Ke1 Nc5 50. Rd8+ Ke5 51. Rxc8 Nxa4 52. Rc6 Rh2
53. Rgg6 Nc3 54. Kf1 Nd1 55. Rce6+ Kf5 56. e4+ dxe4 57. fxe4+ Kf4 58. Rxh6 Ne3+
59. Ke1 Nc2+ 60. Kd1 Rxh6 61. Rxh6 Nxa3 62. Rh4+ Kg5 63. Rh3 Nb5 64. Rf3 Kg4
65. Rf8 Nc3+ 1/2-1/2

[Event "XIV MIEDZYNARODOWY FESTIWAL SZACHOWY PER"]
[Site "LAZY"]
[Date "2018.06.26"]
[Round "3.5"]
[White "Chomczyk, Marek"]
[Black "Hasterok, Mateusz"]
[Result "1-0"]
[WhiteElo "2247"]
[BlackElo "1837"]
[PlyCount "65"]
[EventDate "2018.??.??"]

1. e4 c5 2. Nf3 d6 3. d4 cxd4 4. Nxd4 Nf6 5. Nc3 a6 6. Be3 e6 7. f3 b5 8. Qd2
Nbd7 9. O-O-O Nb6 10. Qf2 Nfd7 11. f4 Bb7 12. e5 Nd5 13. Nxd5 Bxd5 14. exd6 Qa5
15. Rd3 Bxd6 16. Nf5 Bf8 17. Rxd5 exd5 18. Bd2 Qb6 19. Qf3 Nf6 20. Bd3 O-O-O
21. Be3 Qa5 22. Kb1 Ne8 23. Rc1 Qc7 24. a4 Bc5 25. Nd4 Qb6 26. a5 Qc7 27. c4
dxc4 28. Bf5+ Rd7 29. Qa8+ Qb8 30. Bxd7+ Kc7 31. Qc6+ Kd8 32. Qxc5 Kxd7 33. Rd1
1-0

[Event "XIV MIEDZYNARODOWY FESTIWAL SZACHOWY PER"]
[Site "LAZY"]
[Date "2018.06.26"]
[Round "3.6"]
[White "Hrymowicz, Artur"]
[Black "Krainski, Aleksander"]
[Result "0-1"]
[WhiteElo "2123"]
[BlackElo "2203"]
[PlyCount "102"]
[EventDate "2018.??.??"]

1. e4 e5 2. Nf3 Nc6 3. d4 exd4 4. Nxd4 Bc5 5. Nb3 Bb6 6. Nc3 d6 7. a4 a6 8. a5
Ba7 9. Bc4 Nf6 10. Bg5 h6 11. Bh4 Ne5 12. Be2 Ng6 13. Bg3 O-O 14. O-O Re8 15.
Nd2 Bd7 16. Kh1 Bc6 17. Bd3 Bd4 18. f3 Bxc3 19. bxc3 d5 20. Re1 dxe4 21. fxe4
Nd7 22. Nb3 Nde5 23. Nd4 Bd7 24. Nf5 Be6 25. Qb1 Rb8 26. Qb4 Qd7 27. Rad1 Red8
28. Be2 Qe8 29. Rxd8 Qxd8 30. Rd1 Qf8 31. Bh5 Nc6 32. Qxf8+ Nxf8 33. Nd4 Bd7
34. Bxc7 Rc8 35. Bb6 Ne5 36. Ne2 Bb5 37. Rd8 Rxd8 38. Bxd8 g6 39. c4 Bxc4 40.
Bc7 gxh5 41. Nf4 Nc6 42. Nxh5 Ne6 43. Bb6 Be2 44. Nf6+ Kf8 45. Nd5 Ncd4 46. c3
Nc6 47. Kg1 Ng5 48. Kf2 Bd3 49. Bc5+ Kg7 50. Ke3 Bb1 51. e5 Ne6 0-1

[Event "XIV MIEDZYNARODOWY FESTIWAL SZACHOWY PER"]
[Site "LAZY"]
[Date "2018.06.26"]
[Round "3.7"]
[White "Garbowski, Jakub"]
[Black "Sypien, Natan"]
[Result "1/2-1/2"]
[WhiteElo "2138"]
[BlackElo "1774"]
[PlyCount "72"]
[EventDate "2018.??.??"]

1. e4 e5 2. Nf3 Nc6 3. Bb5 Nf6 4. d3 Bc5 5. O-O Nd4 6. Nxd4 Bxd4 7. c3 Bb6 8.
Bg5 c6 9. Ba4 O-O 10. Nd2 h6 11. Bh4 d6 12. h3 g5 13. Bg3 Kg7 14. Nc4 Bc7 15.
Ne3 Nh7 16. Bc2 Qf6 17. d4 Rd8 18. Nf5+ Bxf5 19. exf5 exd4 20. Qxd4 Qxd4 21.
cxd4 Nf6 22. Rfe1 Re8 23. Kf1 Kf8 24. Rad1 Rxe1+ 25. Rxe1 Rc8 26. a3 d5 27. Be5
Nd7 28. g3 f6 29. Bxc7 Rxc7 30. Re6 Kf7 31. Bd1 Nb6 32. b3 Nc8 33. Bh5+ Kg7 34.
Ke2 Re7 35. Rxe7+ Nxe7 36. Bg4 Nc8 1/2-1/2

[Event "XIV MIEDZYNARODOWY FESTIWAL SZACHOWY PER"]
[Site "LAZY"]
[Date "2018.06.26"]
[Round "3.8"]
[White "Krainski, Slawomir"]
[Black "Jarocka, Liwia"]
[Result "1/2-1/2"]
[WhiteElo "2136"]
[BlackElo "1984"]
[PlyCount "51"]
[EventDate "2018.??.??"]

1. d4 Nf6 2. Nf3 e6 3. g3 d5 4. Bg2 b6 5. c4 Bb7 6. Ne5 Be7 7. O-O O-O 8. Qc2
Nbd7 9. Rd1 c5 10. e3 Rc8 11. Nxd7 Qxd7 12. dxc5 Bxc5 13. Nc3 Rfd8 14. b3 Qe7
15. Bb2 dxc4 16. bxc4 Bxg2 17. Kxg2 Qb7+ 18. Kg1 h6 19. Rxd8+ Rxd8 20. Rd1
Rxd1+ 21. Qxd1 Be7 22. Qa4 Kh7 23. Qc2+ Kg8 24. Qa4 Kh7 25. Qc2+ Kg8 26. Qa4
1/2-1/2

[Event "XIV MIEDZYNARODOWY FESTIWAL SZACHOWY PER"]
[Site "LAZY"]
[Date "2018.06.26"]
[Round "3.9"]
[White "Oborski, Artur"]
[Black "Stachanczyk, Jacek"]
[Result "1/2-1/2"]
[WhiteElo "1801"]
[BlackElo "2223"]
[PlyCount "58"]
[EventDate "2018.??.??"]

1. d4 d5 2. c4 e6 3. Nf3 Nf6 4. Bg5 Be7 5. Nc3 Nbd7 6. e3 h6 7. Bh4 c6 8. cxd5
exd5 9. Bd3 Nh5 10. Bxe7 Qxe7 11. O-O O-O 12. Qc2 Nhf6 13. Rab1 a5 14. Rbe1 Nb6
15. h3 Be6 16. Ne5 Nfd7 17. f4 Nxe5 18. fxe5 Qg5 19. Kh2 f6 20. exf6 Rxf6 21.
Rxf6 Qxf6 22. Qb3 Qd8 23. e4 Qd6+ 24. e5 Qb4 25. Rd1 Rf8 26. Qc2 Qe7 27. Rf1
Rxf1 28. Bxf1 Qf7 29. Kg1 Qf4 1/2-1/2

[Event "XIV MIEDZYNARODOWY FESTIWAL SZACHOWY PER"]
[Site "LAZY"]
[Date "2018.06.26"]
[Round "3.10"]
[White "Zelak, Wladyslaw"]
[Black "Wacior, Maciej"]
[Result "1/2-1/2"]
[WhiteElo "1779"]
[BlackElo "2110"]
[PlyCount "63"]
[EventDate "2018.??.??"]

1. e4 c6 2. d4 d5 3. e5 c5 4. dxc5 Nc6 5. a3 e6 6. Nf3 Bxc5 7. b4 Bb6 8. Bb2
Nge7 9. Bd3 Ng6 10. g3 Bc7 11. Qe2 Bd7 12. O-O a6 13. Nbd2 O-O 14. h4 f5 15.
exf6 gxf6 16. c4 Nce5 17. Bc2 dxc4 18. Nxe5 Nxe5 19. Nxc4 Bb5 20. Bxe5 Bxe5 21.
Qg4+ Kh8 22. Nxe5 fxe5 23. Qe4 Qc7 24. Rfe1 Rf6 25. Qxe5 Qg7 26. Bb3 Raf8 27.
Ra2 Bc6 28. Qg5 Rg6 29. Qe5 Rgf6 30. Qg5 Rg6 31. Qe5 Rgf6 32. Qg5 1/2-1/2

[Event "XIV MIEDZYNARODOWY FESTIWAL SZACHOWY PER"]
[Site "LAZY"]
[Date "2018.06.26"]
[Round "3.11"]
[White "Dytman, Radoslaw"]
[Black "Luczak, Filip"]
[Result "1/2-1/2"]
[WhiteElo "1722"]
[BlackElo "2044"]
[PlyCount "127"]
[EventDate "2018.??.??"]

1. e4 c5 2. Nf3 e6 3. d4 cxd4 4. Nxd4 Nc6 5. Be3 Nf6 6. Nd2 Be7 7. c3 Qc7 8. f4
a6 9. Bd3 e5 10. fxe5 Nxe5 11. Be2 d5 12. Nf5 O-O 13. Nb3 Rd8 14. Bb6 Qxb6 15.
Nxe7+ Kf8 16. Nxd5 Nxd5 17. exd5 Qe3 18. Qd4 Qxd4 19. cxd4 Ng6 20. O-O Ne7 21.
Bf3 Nxd5 22. Rac1 b6 23. Rc6 Rb8 24. a3 Bf5 25. Rfc1 Be6 26. Nd2 Ne7 27. Rc7
Rxd4 28. Nc4 Rxc4 29. R1xc4 Bxc4 30. Rxc4 a5 31. b4 Rc8 32. Rd4 Rc1+ 33. Kf2 g6
34. Rd8+ Kg7 35. Rb8 Rc2+ 36. Kg3 Nf5+ 37. Kh3 Rc3 38. Rxb6 Rxa3 39. bxa5 Rxa5
40. g3 Re5 41. Kg4 h5+ 42. Kf4 Rc5 43. Rb4 Kf6 44. Rb6+ Kg7 45. Rb4 Nd6 46. g4
hxg4 47. Kxg4 Rc4+ 48. Rxc4 Nxc4 49. Bb7 Nd6 50. Bd5 f5+ 51. Kf4 Kf6 52. h4 Ne8
53. Bb3 Ng7 54. Bc4 Ne6+ 55. Kg3 Ke5 56. Bd3 Nc5 57. Bc4 Ne4+ 58. Kg2 f4 59.
Bf7 Kf6 60. Kf3 Nd2+ 61. Kxf4 Kxf7 62. h5 gxh5 63. Kg5 Ne4+ 64. Kxh5 1/2-1/2

[Event "XIV MIEDZYNARODOWY FESTIWAL SZACHOWY PER"]
[Site "LAZY"]
[Date "2018.06.26"]
[Round "3.12"]
[White "Czarniecka, Aleksandra"]
[Black "Rogala, Milosz"]
[Result "1-0"]
[WhiteElo "1983"]
[BlackElo "1707"]
[PlyCount "69"]
[EventDate "2018.??.??"]

1. e4 c6 2. d4 d5 3. Nc3 dxe4 4. Nxe4 Nd7 5. Nf3 Ngf6 6. Ng3 e6 7. Bd3 b6 8.
Qe2 Bb7 9. O-O Bd6 10. Nf5 Bf8 11. Ng5 Qc7 12. Re1 O-O-O 13. Nxf7 exf5 14. Nxh8
Bb4 15. c3 Rxh8 16. cxb4 g6 17. Bg5 Qd6 18. Bxf6 Qxf6 19. Ba6 Rd8 20. Bxb7+
Kxb7 21. Rad1 Kc8 22. Qc4 Nf8 23. b5 Kb7 24. bxc6+ Qxc6 25. Re7+ Rd7 26. Qf7
Rxe7 27. Qxe7+ Nd7 28. d5 Qb5 29. d6 Qc6 30. Qxh7 Ka6 31. Qxg6 Qc2 32. Rf1 Ne5
33. Qe6 Qe4 34. Qc8+ Ka5 35. d7 1-0

[Event "XIV MIEDZYNARODOWY FESTIWAL SZACHOWY PER"]
[Site "LAZY"]
[Date "2018.06.26"]
[Round "3.13"]
[White "Niedbala, Bartlomiej"]
[Black "Wojdak, Jan"]
[Result "1/2-1/2"]
[WhiteElo "1977"]
[BlackElo "1712"]
[PlyCount "81"]
[EventDate "2018.??.??"]

1. d4 d5 2. Bf4 c6 3. e3 Qb6 4. Qc1 Bf5 5. Bd3 e6 6. Nf3 Nf6 7. h3 Nbd7 8. Nbd2
c5 9. Bxf5 exf5 10. c3 Bd6 11. Bxd6 Qxd6 12. dxc5 Nxc5 13. O-O O-O 14. Qc2 f4
15. exf4 Qxf4 16. Rad1 Rac8 17. Nb3 Qe4 18. Qd2 Ne6 19. Nbd4 Qf4 20. Rfe1 Qxd2
21. Rxd2 Nxd4 22. Nxd4 Rfe8 23. Rde2 Rxe2 24. Rxe2 Re8 25. Rxe8+ Nxe8 26. Nf5
Kf8 27. Kf1 g6 28. Ne3 Nc7 29. Ke2 Ke7 30. Kd3 h5 31. a4 Kd6 32. b4 b6 33. Nc2
Ne6 34. Ke3 Ke5 35. g3 g5 36. a5 bxa5 37. bxa5 Kd6 38. Nd4 Nxd4 39. Kxd4 a6 40.
f3 f6 41. c4 1/2-1/2

[Event "XIV MIEDZYNARODOWY FESTIWAL SZACHOWY PER"]
[Site "LAZY"]
[Date "2018.06.26"]
[Round "3.14"]
[White "Kruczynski, Marek"]
[Black "Koloczek, Maciej"]
[Result "1-0"]
[WhiteElo "1731"]
[BlackElo "1961"]
[PlyCount "65"]
[EventDate "2018.??.??"]

1. e4 d6 2. d4 Nf6 3. Nc3 e5 4. dxe5 dxe5 5. Qxd8+ Kxd8 6. Bc4 Be6 7. Bxe6 fxe6
8. Nf3 Bd6 9. Be3 Nbd7 10. O-O-O Ke7 11. a3 Rab8 12. Ne1 b5 13. Nd3 a5 14. f3
b4 15. Nb1 c5 16. axb4 cxb4 17. b3 a4 18. Kb2 Ne8 19. Nd2 Nc7 20. Nc4 a3+ 21.
Ka1 Nb5 22. Bg5+ Nf6 23. Nxd6 Kxd6 24. Nxb4+ Kc7 25. Na2 Nd4 26. Kb1 h6 27. Bh4
Kc6 28. Bg3 Nd7 29. Bxe5 Nxb3 30. Bxb8 Rxb8 31. cxb3 Rxb3+ 32. Kc1 Rb2 33. Rd2
1-0

[Event "XIV MIEDZYNARODOWY FESTIWAL SZACHOWY PER"]
[Site "LAZY"]
[Date "2018.06.26"]
[Round "3.15"]
[White "Szydelko, Michal"]
[Black "Majocha, Piotr"]
[Result "1/2-1/2"]
[WhiteElo "1713"]
[BlackElo "1902"]
[PlyCount "53"]
[EventDate "2018.??.??"]

1. e4 e6 2. d4 d5 3. exd5 exd5 4. Bd3 Bd6 5. Nf3 Nf6 6. O-O O-O 7. h3 h6 8. c3
c6 9. Qc2 Qc7 10. Re1 Re8 11. Rxe8+ Nxe8 12. Nbd2 Nf6 13. Nf1 Nbd7 14. Ne3 Nf8
15. Bf5 Bxf5 16. Nxf5 Re8 17. Nxd6 Qxd6 18. Be3 Ng6 19. Re1 Ne4 20. Bd2 Qd7 21.
Kf1 Nxd2+ 22. Qxd2 Rxe1+ 23. Qxe1 a6 24. Qe3 Kf8 25. Ke2 Qe7 26. Qxe7+ Kxe7 27.
g3 1/2-1/2

[Event "XIV MIEDZYNARODOWY FESTIWAL SZACHOWY PER"]
[Site "LAZY"]
[Date "2018.06.26"]
[Round "3.16"]
[White "Grzesik, Gracjan"]
[Black "Majewski, Krzysztof"]
[Result "1/2-1/2"]
[WhiteElo "1884"]
[BlackElo "1695"]
[PlyCount "88"]
[EventDate "2018.??.??"]

1. c4 c6 2. Nc3 Nf6 3. d4 d5 4. cxd5 cxd5 5. g3 g6 6. Bg2 Bg7 7. Nf3 O-O 8. O-O
Nc6 9. Re1 Re8 10. h3 a6 11. Bf4 h6 12. Ne5 e6 13. Nxc6 bxc6 14. Be5 Nd7 15.
Bxg7 Kxg7 16. Na4 Bb7 17. Rc1 Qa5 18. a3 Rec8 19. Nc5 Nxc5 20. Rxc5 Qb6 21. Qc2
Rab8 22. Qc3 Ba8 23. b4 Qa7 24. e4 Qd7 25. Rc1 Bb7 26. e5 Qd8 27. Bf1 Ra8 28.
Ra5 Qb6 29. Qc5 Qxc5 30. Rcxc5 Kf8 31. Ra4 Ra7 32. Bd3 Ke7 33. f4 Kd8 34. Kf2
Rca8 35. Raa5 Ke7 36. Kf3 Rc8 37. Rc1 Raa8 38. g4 f5 39. exf6+ Kxf6 40. Kg3 Rg8
41. h4 Ke7 42. Re1 Kd6 43. Re5 Rg7 44. Bf1 Rf7 1/2-1/2

[Event "XIV MIEDZYNARODOWY FESTIWAL SZACHOWY PER"]
[Site "LAZY"]
[Date "2018.06.26"]
[Round "3.17"]
[White "Zabron, Maksym"]
[Black "Krzywnicka, Maria"]
[Result "1-0"]
[WhiteElo "1694"]
[BlackElo "1845"]
[PlyCount "77"]
[EventDate "2018.??.??"]

1. d4 Nf6 2. c4 c5 3. d5 e6 4. Nc3 exd5 5. cxd5 d6 6. e4 g6 7. Nf3 a6 8. a4 Bg4
9. Be2 Bg7 10. O-O O-O 11. Bf4 Re8 12. Nd2 Bxe2 13. Qxe2 Nh5 14. Be3 Nd7 15.
Rae1 Rb8 16. f4 Nhf6 17. Qf3 b5 18. axb5 axb5 19. Bf2 Qc7 20. g4 c4 21. Ne2 Nc5
22. Bxc5 Qxc5+ 23. Kh1 Nd7 24. Rb1 Qc7 25. f5 Be5 26. g5 f6 27. fxg6 hxg6 28.
Nf4 Kf7 29. Qg4 Bxf4 30. Rxf4 Ne5 31. Rxf6+ Kg7 32. Qh3 Rh8 33. Qg3 Rh5 34.
Rbf1 Rbh8 35. R1f2 Qa5 36. Qxe5 Qa1+ 37. Nf1 Rxh2+ 38. Qxh2 Rxh2+ 39. Kxh2 1-0

[Event "XIV MIEDZYNARODOWY FESTIWAL SZACHOWY PER"]
[Site "LAZY"]
[Date "2018.06.26"]
[Round "3.18"]
[White "Buchta, Agnieszka"]
[Black "Daliga, Anita"]
[Result "1/2-1/2"]
[WhiteElo "1810"]
[BlackElo "1605"]
[PlyCount "45"]
[EventDate "2018.??.??"]

1. e4 b6 2. d3 Bb7 3. g3 d6 4. Bg2 Nd7 5. f4 g6 6. Nf3 Bg7 7. O-O e6 8. Nc3 c6
9. f5 e5 10. fxg6 hxg6 11. Bg5 f6 12. Be3 Bh6 13. Bxh6 Rxh6 14. Nh4 Qe7 15. d4
exd4 16. Qxd4 O-O-O 17. Rad1 Ne5 18. b4 Qe6 19. b5 Qc4 20. a4 Qxd4+ 21. Rxd4 c5
22. Rd2 Kc7 23. Ra1 1/2-1/2

[Event "XIV MIEDZYNARODOWY FESTIWAL SZACHOWY PER"]
[Site "LAZY"]
[Date "2018.06.26"]
[Round "3.19"]
[White "Hertlein, Irena"]
[Black "Syrkiewicz, Michal"]
[Result "0-1"]
[WhiteElo "1531"]
[BlackElo "1799"]
[PlyCount "118"]
[EventDate "2018.??.??"]

1. c4 e5 2. g3 c6 3. e4 Nf6 4. Bg2 d5 5. d3 Bc5 6. Qc2 O-O 7. Nf3 Re8 8. O-O b6
9. Bd2 Bb7 10. b4 Bf8 11. Re1 Nbd7 12. a4 a5 13. bxa5 bxa5 14. Na3 dxe4 15.
dxe4 Nc5 16. Bc3 Qc7 17. Bb2 Rad8 18. Nh4 Nd3 19. Red1 Nxb2 20. Qxb2 Ba6 21.
Nf5 Rb8 22. Qc2 Red8 23. c5 Nd7 24. Nd6 Nxc5 25. Qxc5 Bxd6 26. Qc2 Bb4 27. Nc4
c5 28. Rd5 f6 29. Rad1 Bb7 30. Rd6 Rxd6 31. Nxd6 Ba6 32. Nc4 Rd8 33. Bf1 Bb7
34. Rxd8+ Qxd8 35. Qd3 Qd4 36. Qb3 Kf8 37. Nxa5 Bxe4 38. Nc4 Bd5 39. Qe3 Qd1
40. Qd3 Qxd3 41. Bxd3 e4 42. Be2 Ke7 43. Kg2 Ke6 44. h4 Bc6 45. a5 Bb5 46. Kf1
f5 47. a6 Bxa6 48. Ne3 Bxe2+ 49. Kxe2 Ke5 50. f3 h5 51. f4+ Ke6 52. Kd1 g6 53.
Ke2 Bc3 54. Nc4 Kd5 55. Nb6+ Kc6 56. Nc4 Bd4 57. Kd2 Kb5 58. Nd6+ Kb4 59. Nf7
c4 0-1

[Event "XIV MIEDZYNARODOWY FESTIWAL SZACHOWY PER"]
[Site "LAZY"]
[Date "2018.06.26"]
[Round "3.20"]
[White "Kindler, Karolina"]
[Black "Siembab, Bartosz"]
[Result "0-1"]
[WhiteElo "1784"]
[BlackElo "2136"]
[PlyCount "70"]
[EventDate "2018.??.??"]

1. Nf3 Nf6 2. b3 d5 3. Bb2 e6 4. e3 Be7 5. d4 O-O 6. Bd3 c5 7. O-O Nc6 8. Ne5
Bd6 9. f4 cxd4 10. exd4 Qb6 11. c3 Bxe5 12. fxe5 Nxe5 13. Bc2 Ng6 14. Qe1 e5
15. Bxg6 hxg6 16. Qxe5 Bd7 17. Nd2 Rfe8 18. Qf4 Re2 19. Ba3 Rae8 20. Nf3 Qa6
21. Qc1 Bf5 22. Nd2 Rxd2 23. Qxd2 Qxa3 24. Rae1 Ne4 25. Qe2 Nf6 26. Qb5 Rxe1
27. Rxe1 Be4 28. Qxb7 Kh7 29. Qc7 Qxa2 30. Qg3 Nh5 31. Qh3 f5 32. b4 Kg8 33. g4
Nf4 34. Qf1 Qd2 35. Rxe4 fxe4 0-1

[Event "XIV MIEDZYNARODOWY FESTIWAL SZACHOWY PER"]
[Site "LAZY"]
[Date "2018.06.26"]
[Round "3.22"]
[White "Zarebska, Lena"]
[Black "Topola, Rafal"]
[Result "1-0"]
[WhiteElo "1817"]
[BlackElo "1570"]
[PlyCount "67"]
[EventDate "2018.??.??"]

1. e4 c5 2. Nf3 e6 3. d4 cxd4 4. Nxd4 Nc6 5. Nc3 Qc7 6. Be3 a6 7. Bd3 Nf6 8.
O-O Be7 9. Nxc6 bxc6 10. f4 d5 11. e5 Nd7 12. Qg4 g6 13. Na4 c5 14. c4 d4 15.
Bd2 Bb7 16. Rae1 Rb8 17. b3 h5 18. Qh3 Nb6 19. Ba5 Bc6 20. Bxb6 Rxb6 21. Nxb6
Qxb6 22. Bxg6 fxg6 23. Qxe6 Kf8 24. f5 g5 25. f6 Bd8 26. Qd6+ Kg8 27. f7+ Kg7
28. f8=Q+ Rxf8 29. Qxf8+ Kg6 30. Rf7 h4 31. Qg7+ Kh5 32. Qh7+ Kg4 33. Qf5+ Kh5
34. Rh7# 1-0

[Event "XIV MIEDZYNARODOWY FESTIWAL SZACHOWY PER"]
[Site "LAZY"]
[Date "2018.06.26"]
[Round "3.23"]
[White "Karwacki, Piotr"]
[Black "Kurcaba, Lukasz"]
[Result "1-0"]
[WhiteElo "1828"]
[BlackElo "1619"]
[PlyCount "73"]
[EventDate "2018.??.??"]

1. e4 c5 2. Nf3 Nc6 3. Nc3 g6 4. Bb5 Bg7 5. d3 d6 6. O-O Bd7 7. Re1 a6 8. Bxc6
Bxc6 9. e5 e6 10. Ne4 Bxe4 11. Rxe4 d5 12. Bg5 Qc7 13. Re2 Ne7 14. c4 d4 15.
Qd2 O-O 16. h4 h5 17. Qf4 Nf5 18. Nh2 f6 19. exf6 Qxf4 20. Bxf4 Bxf6 21. Rxe6
Nxh4 22. Bd6 Rf7 23. Bxc5 Kg7 24. Rae1 Nf5 25. g4 hxg4 26. Nxg4 Bh4 27. Ne5 Rf6
28. Rxf6 Kxf6 29. Re4 Bg5 30. Ng4+ Kf7 31. Bxd4 Rd8 32. Ne5+ Kf6 33. Nc6+ Nxd4
34. Nxd8 Nf3+ 35. Kg2 Nd2 36. Re2 Kf5 37. Ne6 1-0

[Event "XIV MIEDZYNARODOWY FESTIWAL SZACHOWY PER"]
[Site "LAZY"]
[Date "2018.06.26"]
[Round "3.24"]
[White "Hampel, Anna"]
[Black "Podgorski, Maciej"]
[Result "0-1"]
[WhiteElo "1728"]
[BlackElo "1852"]
[PlyCount "95"]
[EventDate "2018.??.??"]

1. e4 c5 2. Nf3 d6 3. d4 cxd4 4. Nxd4 Nf6 5. Nc3 a6 6. f3 e5 7. Nb3 Be7 8. Be3
O-O 9. Qd2 Be6 10. g4 b5 11. g5 Nh5 12. Rg1 Nd7 13. O-O-O Nb6 14. Qf2 Na4 15.
Nd5 Bxd5 16. exd5 f5 17. Qh4 g6 18. f4 h6 19. Be2 exf4 20. Bxh5 Bxg5 21. Bd4
Bxh4 22. Rxg6+ Kh7 23. Rdg1 Bf6 24. Rg7+ Kh8 25. R7g6 Ra7 26. Bxa7 Bxb2+ 27.
Kb1 Rf6 28. Rg7 Be5 29. Bf2 Nc3+ 30. Kc1 Nxa2+ 31. Kd2 f3 32. Bxf3 Bf4+ 33. Ke1
Qe8+ 34. Kf1 Rf7 35. Bh5 Nc3 36. Rxf7 Qc8 37. Bd4+ Be5 38. Bxe5+ dxe5 39. d6
Qc4+ 40. Kg2 Qe4+ 41. Bf3 Qxc2+ 42. Kh1 Ne4 43. Rc7 Qd3 44. Kg2 Nxd6 45. Nc5
Qe3 46. Ne6 f4 47. Rgc1 e4 48. Bh5 0-1

[Event "XIV MIEDZYNARODOWY FESTIWAL SZACHOWY PER"]
[Site "LAZY"]
[Date "2018.06.26"]
[Round "3.25"]
[White "Wieczorek, Mikolaj"]
[Black "Pluta, Natalia"]
[Result "0-1"]
[WhiteElo "1726"]
[BlackElo "1826"]
[PlyCount "76"]
[EventDate "2018.??.??"]

1. e4 c5 2. Nf3 g6 3. d4 cxd4 4. Nxd4 Bg7 5. Nc3 Nc6 6. Be3 Nf6 7. f3 O-O 8.
Bc4 Qb6 9. Bb3 Nxe4 10. Nf5 Nxc3 11. Bxb6 Nxd1 12. Nxg7 axb6 13. Rxd1 Kxg7 14.
h4 d6 15. h5 Be6 16. hxg6 hxg6 17. Bxe6 fxe6 18. Kf2 Rxa2 19. Rh4 Rh8 20. Rg4
Rxb2 21. Rdd4 Rxc2+ 22. Kg3 Nxd4 23. Rxd4 b5 24. Rb4 Rh5 25. f4 Rc4 26. Rb3 b4
27. Kg4 Rb5 28. g3 Rc3 29. Rb2 Kf6 30. f5 exf5+ 31. Kh4 g5+ 32. Kh5 Rxg3 33.
Rh2 g4 34. Kh6 Rh3+ 35. Rxh3 gxh3 36. Kh7 h2 37. Kg8 h1=Q 38. Kf8 Qh8# 0-1

[Event "XIV MIEDZYNARODOWY FESTIWAL SZACHOWY PER"]
[Site "LAZY"]
[Date "2018.06.26"]
[Round "3.26"]
[White "Madej, Marek"]
[Black "Saweczko, Tomasz"]
[Result "1-0"]
[WhiteElo "1786"]
[BlackElo "1615"]
[PlyCount "89"]
[EventDate "2018.??.??"]

1. e4 e5 2. Nf3 Nc6 3. d4 exd4 4. Nxd4 Bb4+ 5. c3 Bc5 6. Be3 Bb6 7. g3 d6 8.
Bg2 Nf6 9. O-O O-O 10. h3 Re8 11. Nd2 Bd7 12. Qc2 Ne5 13. f4 Ng6 14. Rae1 Qc8
15. Kh2 c5 16. N4b3 Bc6 17. Bg1 a5 18. Nc4 Bc7 19. Nbd2 b5 20. Ne3 Qb7 21. Nf5
Re6 22. g4 Rae8 23. Ng3 Nh4 24. Bh1 d5 25. e5 Nxg4+ 26. hxg4 Rh6 27. Nh5 Bd8
28. Kg3 Qe7 29. Bf3 Bd7 30. Bf2 Rxh5 31. gxh5 Qe6 32. Bg1 Qh3+ 33. Kf2 c4 34.
Bxd5 Bb6+ 35. Ke2 Bg4+ 36. Nf3 Rd8 37. Rd1 Qg2+ 38. Bf2 Nxf3 39. Qb1 Ng1+ 40.
Ke1 Nf3+ 41. Bxf3 Bxf2+ 42. Rxf2 Qg1+ 43. Ke2 Bxf3+ 44. Rxf3 Qg2+ 45. Ke3 1-0

[Event "XIV MIEDZYNARODOWY FESTIWAL SZACHOWY PER"]
[Site "LAZY"]
[Date "2018.06.26"]
[Round "3.27"]
[White "Wasala, Wiktoria"]
[Black "Luberanski, Jakub"]
[Result "1-0"]
[WhiteElo "1521"]
[BlackElo "1762"]
[PlyCount "87"]
[EventDate "2018.??.??"]

1. e4 e5 2. Nc3 Nf6 3. g3 d5 4. Bg2 d4 5. Nd5 Nxd5 6. exd5 Bd6 7. d3 c6 8. Bd2
O-O 9. Ne2 Qb6 10. Rb1 cxd5 11. Bxd5 Bh3 12. Ng1 Bd7 13. Nf3 Nc6 14. O-O Qc5
15. Bb3 b5 16. Ng5 Be7 17. Ne4 Qb6 18. Qh5 a5 19. Bg5 Rae8 20. a3 Nd8 21. f4
exf4 22. Rxf4 Ne6 23. Rh4 h6 24. Bxe7 Rxe7 25. Nf6+ Kh8 26. Qf5 Ng5 27. Nxd7
Rxd7 28. Qxg5 a4 29. Bd5 Qc5 30. Rxh6+ gxh6 31. Qxh6+ Kg8 32. Qg5+ Kh8 33. Qh5+
Kg7 34. Qg4+ Kh8 35. Qxd7 Qxc2 36. Rf1 Qxd3 37. Qh3+ Kg7 38. Qg4+ Kh8 39. Be4
Qe3+ 40. Kh1 Qh6 41. Qf4 Qxf4 42. Rxf4 Rd8 43. Bd3 Rd5 44. Rxf7 1-0

[Event "XIV MIEDZYNARODOWY FESTIWAL SZACHOWY PER"]
[Site "LAZY"]
[Date "2018.06.27"]
[Round "4.1"]
[White "Karpus, Michal"]
[Black "Wisniewski, Michal"]
[Result "1-0"]
[WhiteElo "2364"]
[BlackElo "2204"]
[PlyCount "55"]
[EventDate "2018.??.??"]

1. e4 c5 2. Nf3 d6 3. d4 cxd4 4. Nxd4 Nf6 5. Nc3 a6 6. Be3 e5 7. Nb3 Be7 8. f3
Be6 9. Qd2 O-O 10. O-O-O a5 11. a4 Nc6 12. g4 Nb4 13. Kb1 Qc7 14. h4 Rfc8 15.
g5 Nh5 16. Qf2 d5 17. exd5 Bf5 18. Rd2 Qd6 19. Ne4 Qg6 20. d6 Bxe4 21. fxe4
Bxd6 22. Bh3 Qxe4 23. Rc1 Qc6 24. Bxc8 Rxc8 25. Rf1 Nf4 26. Bxf4 Qxa4 27. Nc1
Bc5 28. Qxc5 1-0

[Event "XIV MIEDZYNARODOWY FESTIWAL SZACHOWY PER"]
[Site "LAZY"]
[Date "2018.06.27"]
[Round "4.2"]
[White "Klepek, Witold"]
[Black "Chomczyk, Marek"]
[Result "1/2-1/2"]
[WhiteElo "2132"]
[BlackElo "2247"]
[PlyCount "111"]
[EventDate "2018.??.??"]

1. e4 e5 2. Nf3 Nc6 3. d4 exd4 4. Nxd4 Bb4+ 5. c3 Bc5 6. Be3 Bb6 7. g3 Nf6 8.
Bg2 O-O 9. O-O Re8 10. Nxc6 bxc6 11. Bxb6 axb6 12. Nd2 d5 13. Re1 Bg4 14. Qc2
Qd6 15. exd5 cxd5 16. c4 c6 17. cxd5 cxd5 18. h3 Be6 19. Nb3 Ra4 20. Qd3 d4 21.
a3 Rd8 22. Rac1 Bd7 23. Red1 h6 24. Nxd4 Be8 25. b4 Ra7 26. Qb3 Ba4 27. Nb5
Bxb3 28. Rxd6 Rxd6 29. Nxa7 Rd3 30. Bf1 Rd2 31. Nc8 Nd5 32. Bg2 b5 33. Nd6 Nb6
34. Nxb5 g6 35. Nc3 Rb2 36. Bc6 Be6 37. h4 Rb3 38. a4 Rxb4 39. a5 Nc8 40. a6
Na7 41. Nd5 Rd4 42. Nc7 Bc4 43. Bb7 Kf8 44. Na8 Be2 45. Rc2 Bb5 46. Nb6 Kg7 47.
Kh2 Rd6 48. Nc4 Rd4 49. Na3 Bxa6 50. Bxa6 Ra4 51. Bb5 Rxa3 52. Bd7 Rb3 53. Rc7
Nb5 54. Rb7 Nd4 55. Rxb3 Nxb3 56. g4 1/2-1/2

[Event "XIV MIEDZYNARODOWY FESTIWAL SZACHOWY PER"]
[Site "LAZY"]
[Date "2018.06.27"]
[Round "4.3"]
[White "Krainski, Aleksander"]
[Black "Luba, Lukasz"]
[Result "0-1"]
[WhiteElo "2203"]
[BlackElo "2094"]
[PlyCount "58"]
[EventDate "2018.??.??"]

1. e4 c6 2. d4 d5 3. Nc3 dxe4 4. Nxe4 Bf5 5. Ng3 Bg6 6. Nf3 e6 7. Bd3 Bd6 8.
O-O Nd7 9. c4 Ne7 10. Re1 Rc8 11. Bg5 f6 12. Bxg6+ hxg6 13. Bd2 Bxg3 14. hxg3
Kf7 15. Qe2 Nf8 16. Rad1 Rc7 17. Bc3 Rd7 18. Rd2 Qb8 19. Qe4 g5 20. Rde2 Nf5
21. Bb4 Nd6 22. Qg4 Re7 23. b3 Kg8 24. d5 cxd5 25. cxd5 e5 26. Nd4 g6 27. f3 a5
28. Bc5 Qc7 29. Rc2 exd4 0-1

[Event "XIV MIEDZYNARODOWY FESTIWAL SZACHOWY PER"]
[Site "LAZY"]
[Date "2018.06.27"]
[Round "4.4"]
[White "Cieslak, Wiktoria"]
[Black "Garbowski, Jakub"]
[Result "1/2-1/2"]
[WhiteElo "1931"]
[BlackElo "2138"]
[PlyCount "49"]
[EventDate "2018.??.??"]

1. e4 c5 2. Nf3 e6 3. d4 cxd4 4. Nxd4 Nf6 5. Nc3 d6 6. Bg5 Be7 7. Qd2 a6 8.
O-O-O Nbd7 9. Bc4 Nc5 10. Rhe1 Nfxe4 11. Nxe4 Nxe4 12. Bxe7 Nxd2 13. Bxd8 Nxc4
14. Bh4 d5 15. b3 Nb6 16. f4 O-O 17. f5 Re8 18. Bf2 Bd7 19. fxe6 fxe6 20. Nxe6
Rxe6 21. Rxe6 Bxe6 22. Bxb6 Rc8 23. Kb2 Bf5 24. Rd2 Be4 25. a4 1/2-1/2